000 00777nam a2200253Ia 4500
003 OSt
005 20220930193825.0
006 a|||||r|||| 00| 0
007 ta
008 220926b |||||||| |||| 00| 0 eng d
024 _a12003
037 _cDissertations
040 _aCRL
_cCRL
_beng
041 _2eng
_aeng
100 _aRay Debabrata
110 _aUniversity of Delhi. Faculty of Medical Sciences. Department of Surgery
245 0 _aStudy of post operative wound infection and its management
260 _c1966
650 _aSURGERY
700 _a Dr S P Jain Supervisor
700 _aUniversity of Delhi. Faculty of Medical Sciences. Department of Surgery
942 _cDIS
_2CC
999 _c896961
_d896961